| 000 | 00875cam a2200253 a 4500 | ||
|---|---|---|---|
| 001 | 000018698 | ||
| 005 | 20200929165835.0 | ||
| 008 | 100513s2000 sp 000 0 spa d | ||
| 020 | _a8487012760 | ||
| 040 |
_aDO-SdBNP _bspa _cBNPHU |
||
| 082 |
_a861.7 _bR934a |
||
| 100 | 1 |
_aTorres, Juan Ruiz de, _d1931- _940356 |
|
| 245 | 1 | 0 |
_aArquetipos orales en la poesía española de fin de siglo / _cJuan Ruiz de Torres, Enrique Valle ; introducción Fredo Arias de la Canal. |
| 260 |
_aMadrid, (España) : _bAsociación Prometeo de Poesía, _c2000. |
||
| 300 |
_a192 p. ; _c21 cm. |
||
| 490 | 1 | _aBlancas, | |
| 490 | 1 |
_aMayor _v1 |
|
| 650 | 4 |
_aPoesía española _xHistoria y crítica _98687 |
|
| 650 | 4 |
_aLiteratura española _9632 |
|
| 700 | 1 |
_aValle, Enrique. _940357 |
|
| 700 | 1 |
_aArias del Canal, Fredo, _eintr. _940358 |
|
| 830 | 0 |
_aBlancas _pMayor _n1 _940359 |
|
| 049 | _aBNGR | ||
| 999 |
_c18218 _d18218 |
||